[Event "Sharjah Challengers 6th"]
[Site "Sharjah"]
[Date "2023.05.23"]
[Round "7"]
[White "Haznedaroglu, Kivanc"]
[Black "Liyanage, Ranindu Dilshan"]
[Result "1/2-1/2"]
[WhiteElo "2418"]
[BlackElo "2342"]
[PlyCount "48"]
[EventDate "2023.05.17"]
[EventType "swiss"]
[EventRounds "9"]
[EventCountry "UAE"]
[SourceTitle "CBM 214 Extra"]
[Source "ChessBase"]
[SourceDate "2023.07.31"]
[SourceVersion "1"]
[SourceVersionDate "2023.07.31"]
[SourceQuality "1"]

1. e4 e5 2. Nf3 Nc6 3. Bb5 a6 4. Ba4 Nf6 5. 0-0 Nxe4 6. d4 b5 7. Bb3 d5 8. dxe5 Be6 9. Qe2 Be7 10. Rd1 0-0 11. c4 bxc4 12. Bxc4 Bc5 13. Be3 Bxe3 14. Qxe3 Qb8 15. Bb3 Na5 16. Nbd2 Qa7 17. Qxa7 Rxa7 18. Rac1 c5 19. Nxe4 Nxb3 20. axb3 dxe4 21. Nd2 e3 22. fxe3 Rb7 23. Kf2 Bxb3 24. Nxb3 Rxb3 1/2-1/2

[Event "Sharjah Challengers 6th"]
[Site "Sharjah"]
[Date "2023.05.22"]
[Round "6"]
[White "Ahmad, Al Khatib"]
[Black "Haznedaroglu, Kivanc"]
[Result "1/2-1/2"]
[WhiteElo "2344"]
[BlackElo "2418"]
[PlyCount "128"]
[EventDate "2023.05.17"]
[EventType "swiss"]
[EventRounds "9"]
[EventCountry "UAE"]
[SourceTitle "CBM 214 Extra"]
[Source "ChessBase"]
[SourceDate "2023.07.31"]
[SourceVersion "1"]
[SourceVersionDate "2023.07.31"]
[SourceQuality "1"]

1. d4 Nf6 2. c4 e6 3. Nf3 Nc6 4. a3 d5 5. Nc3 Be7 6. Bf4 a6 7. e3 0-0 8. h3 dxc4 9. Bxc4 b5 10. Bd3 Bb7 11. 0-0 h6 12. Qc2 Bd6 13. Ne5 Ne7 14. Ne4 Nxe4 15. Bxe4 Bxe4 16. Qxe4 Nd5 17. Rac1 a5 18. Nd3 b4 19. Bxd6 cxd6 20. Nf4 Nxf4 21. exf4 d5 22. Qe5 bxa3 23. bxa3 Qd7 24. Rc7 Qa4 25. Rfc1 Qxa3 26. R1c3 Qa1+ 27. Kh2 Qb1 28. Rg3 g6 29. h4 Qf5 30. Qxf5 exf5 31. Ra3 Rfe8 32. Rc5 Re2 33. Kg3 a4 34. Rxd5 Rb8 35. Ra5 Rb3+ 36. Rxb3 axb3 37. Rb5 b2 38. Kf3 Rc2 39. Ke3 Kf8 40. Rb7 Ke8 41. g3 Kd8 42. d5 Kc8 43. Rb3 Kd7 44. Kd4 Rxf2 45. Ke5 Re2+ 46. Kf6 Kd6 47. Rb5 Rg2 48. Kxf7 Rxg3 49. Rxb2 Kxd5 50. h5 gxh5 51. Re2 h4 52. Kf6 h3 53. Kxf5 h5 54. Rd2+ Kc4 55. Ke4 Rg2 56. Rd4+ Kc5 57. Rd5+ Kc6 58. Rxh5 h2 59. Kf5 Kd6 60. Kf6 Rf2 61. f5 Kd5 62. Rh4 Kd6 63. Rd4+ Kc5 64. Rh4 Kd6 1/2-1/2

[Event "Ayvalik Begonvil"]
[Site "Ayvalik"]
[Date "2023.05.05"]
[Round "9.2"]
[White "Schekachikhin, Maksim"]
[Black "Haznedaroglu, Kivanc"]
[Result "0-1"]
[WhiteElo "2376"]
[BlackElo "2418"]
[PlyCount "74"]
[EventDate "2023.04.30"]
[EventType "schev"]
[EventRounds "9"]
[EventCountry "TUR"]
[SourceTitle "CBM 214 Extra"]
[Source "ChessBase"]
[SourceDate "2023.07.31"]
[SourceVersion "1"]
[SourceVersionDate "2023.07.31"]
[SourceQuality "1"]
[WhiteTeam "Team C"]
[BlackTeam "Team B"]
[WhiteTeamCountry "TUN"]
[BlackTeamCountry "TUN"]

1. d4 Nf6 2. Nf3 e6 3. c4 b6 4. g3 Ba6 5. Qc2 c5 6. d5 exd5 7. cxd5 d6 8. Nc3 Be7 9. a4 0-0 10. Bg2 Re8 11. 0-0 Bf8 12. Re1 Bb7 13. Bf4 Na6 14. Rad1 Nb4 15. Qb3 a6 16. Nd2 Nh5 17. Be3 Rxe3 18. fxe3 g6 19. e4 b5 20. Kh1 Qb6 21. Rf1 Bg7 22. Nf3 Re8 23. e5 Bxe5 24. Nxe5 Rxe5 25. e4 Nxg3+ 26. hxg3 Rh5+ 27. Bh3 Rxh3+ 28. Kg2 Rh5 29. Ne2 Re5 30. Qf3 Qc7 31. axb5 axb5 32. Nc3 Qe7 33. Rd2 f5 34. Kg1 fxe4 35. Qe3 Nxd5 36. Nxd5 Bxd5 37. Rdf2 Kg7 0-1

[Event "TUR-chT"]
[Site "Ankara"]
[Date "2022.08.23"]
[Round "8.1"]
[White "Gokerkan, Cem Kaan"]
[Black "Haznedaroglu, Kivanc"]
[Result "1/2-1/2"]
[WhiteElo "2465"]
[BlackElo "2421"]
[PlyCount "62"]
[EventDate "2022.08.16"]
[EventType "team-tourn"]
[EventRounds "13"]
[EventCountry "TUR"]
[SourceTitle "CBM 209 Extra"]
[Source "ChessBase"]
[SourceDate "2022.09.30"]
[SourceVersion "1"]
[SourceVersionDate "2022.09.30"]
[SourceQuality "1"]
[WhiteTeam "Deniz Su Aquamatch"]
[BlackTeam "Bursa Buyuksehir"]
[WhiteTeamCountry "TUR"]
[BlackTeamCountry "TUR"]

1. e4 Nf6 2. e5 Nd5 3. d4 d6 4. Nf3 dxe5 5. Nxe5 g6 6. Bc4 Be6 7. Nd2 Nd7 8. Ne4 Nxe5 9. dxe5 Nc3 10. Qf3 Bxc4 11. Nxc3 c6 12. Qe4 Be6 13. 0-0 Bg7 14. Bf4 0-0 15. Rfd1 Qc7 16. Qe3 Qb6 17. Qxb6 axb6 18. a3 h6 19. Rd2 Rfd8 20. Rad1 Rxd2 21. Rxd2 Kf8 22. h4 Ke8 23. f3 Rd8 24. Rxd8+ Kxd8 25. Nd1 g5 26. hxg5 hxg5 27. Bh2 f5 28. exf6 exf6 29. Kf2 f5 30. Ke1 Kd7 31. a4 c5 1/2-1/2

[Event "Chess.com Rapid Wk20 Swiss"]
[Site "Chess.com INT"]
[Date "2022.07.09"]
[Round "5"]
[White "Haznedaroglu, Kivanc"]
[Black "Raja, Rithvik R"]
[Result "0-1"]
[WhiteElo "2421"]
[BlackElo "2491"]
[PlyCount "138"]
[EventDate "2022.07.09"]
[EventType "swiss (rapid)"]
[EventRounds "9"]
[EventCountry "USA"]
[SourceTitle "CBM 209 Extra"]
[Source "ChessBase"]
[SourceDate "2022.09.30"]
[SourceVersion "1"]
[SourceVersionDate "2022.09.30"]
[SourceQuality "1"]

1. e4 c5 2. Nf3 d6 3. d4 cxd4 4. Qxd4 Nc6 5. Bb5 Bd7 6. Bxc6 Bxc6 7. Nc3 Nf6 8. Bg5 e6 9. 0-0-0 Be7 10. Qd3 Qa5 11. h4 0-0 12. Nd4 Rac8 13. f3 Rfd8 14. Kb1 a6 15. g4 b5 16. Nxc6 Rxc6 17. Ne2 Qc7 18. Nd4 Rc4 19. Rhe1 Rc8 20. Rc1 Qd8 21. Nb3 a5 22. Nd2 R4c6 23. Red1 b4 24. Nb3 a4 25. Nd4 Rc4 26. Ne2 Qc7 27. b3 Rc6 28. Bd2 d5 29. Nd4 dxe4 30. fxe4 Rb6 31. g5 Ng4 32. Qe2 Ne5 33. Bf4 a3 34. Qe3 Bd6 35. Ne2 Ng4 36. Qg3 Bxf4 37. Qxf4 Ne5 38. c4 bxc3 39. Rxc3 Rc6 40. Rdc1 Qa5 41. Rxc6 Rxc6 42. Rxc6 Nxc6 43. Qc1 Qe5 44. Nc3 g6 45. Qd2 Nd4 46. b4 Kg7 47. Qd3 Nb5 48. Kc2 Qh2+ 49. Ne2 Qc7+ 50. Kb3 Qb6 51. Nc3 Nd4+ 52. Kxa3 Nc6 53. Qc4 Qa7+ 54. Kb3 Nd4+ 55. Kb2 Qd7 56. a4 Nf3 57. a5 Qd2+ 58. Kb3 Qc1 59. Qc5 Nd2+ 60. Ka4 Qc2+ 61. Kb5 Qd3+ 62. Kb6 Nc4+ 63. Kc7 Qxc3 64. a6 Qd3 65. a7 Nd6 66. Qxd6 Qc4+ 67. Qc6 Qxb4 68. a8Q Qe7+ 69. Qd7 Qc5+ 0-1

[Event "Chess.com Rapid Wk20 Swiss"]
[Site "Chess.com INT"]
[Date "2022.07.09"]
[Round "6"]
[White "Shuvalova, Polina"]
[Black "Haznedaroglu, Kivanc"]
[Result "1-0"]
[WhiteElo "2498"]
[BlackElo "2421"]
[PlyCount "111"]
[EventDate "2022.07.09"]
[EventType "swiss (rapid)"]
[EventRounds "9"]
[EventCountry "USA"]
[SourceTitle "CBM 209 Extra"]
[Source "ChessBase"]
[SourceDate "2022.09.30"]
[SourceVersion "1"]
[SourceVersionDate "2022.09.30"]
[SourceQuality "1"]

1. e4 c5 2. Nf3 Nc6 3. Bb5 Qb6 4. Nc3 e6 5. 0-0 Nge7 6. Re1 a6 7. Bf1 g6 8. d3 Bg7 9. e5 Qc7 10. Bf4 0-0 11. Ne4 f5 12. exf6 Qxf4 13. fxg7 Kxg7 14. Nxc5 b6 15. Ne4 Bb7 16. Qd2 Nd5 17. Qxf4 Nxf4 18. Nd6 Rab8 19. Nd2 Nd4 20. Rac1 Ba8 21. c3 Nf5 22. N6c4 b5 23. Ne3 g5 24. g3 Ng6 25. d4 Nxe3 26. fxe3 h5 27. a3 h4 28. Bg2 Bxg2 29. Kxg2 h3+ 30. Kg1 g4 31. Rf1 Ne7 32. Rf4 Rxf4 33. exf4 Nf5 34. Ne4 d6 35. Nf2 Nh6 36. Re1 Kf7 37. Kf1 a5 38. Nd3 Nf5 39. Kf2 Kf6 40. Ke2 b4 41. axb4 axb4 42. Nf2 bxc3 43. Nxg4+ Ke7 44. bxc3 Rb2+ 45. Kd3 d5 46. Re2 Rb1 47. Kd2 Nd6 48. Nf2 Nc4+ 49. Kd3 Rf1 50. Nxh3 Rf3+ 51. Kc2 Na3+ 52. Kb3 Nb5 53. Rxe6+ Kd7 54. Re5 Nxd4+ 55. Kb2 Ne6 56. Rxe6 1-0

[Event "Sharjah Masters 5th"]
[Site "Sharjah"]
[Date "2022.05.26"]
[Round "6"]
[White "Haznedaroglu, Kivanc"]
[Black "Kuybokarov, Temur"]
[Result "0-1"]
[WhiteElo "2425"]
[BlackElo "2582"]
[PlyCount "138"]
[EventDate "2022.05.21"]
[EventType "swiss"]
[EventRounds "9"]
[EventCountry "UAE"]
[SourceTitle "CBM 208 Extra"]
[Source "ChessBase"]
[SourceDate "2022.07.31"]
[SourceVersion "1"]
[SourceVersionDate "2022.07.31"]
[SourceQuality "1"]

1. d4 Nf6 2. c4 g6 3. h4 c5 4. d5 Bg7 5. Nc3 d6 6. e4 e6 7. Be2 exd5 8. exd5 Nbd7 9. h5 Nxh5 10. Bxh5 gxh5 11. Nf3 Qe7+ 12. Kf1 Bxc3 13. bxc3 f6 14. Rxh5 Nb6 15. Rh4 Bf5 16. a4 0-0-0 17. a5 Nd7 18. a6 b6 19. Qa4 Nf8 20. Be3 Ng6 21. Rh6 Bd3+ 22. Kg1 Qd7 23. Nd2 Qxa4 24. Rxa4 Rde8 25. Rh3 h5 26. Ra1 Be2 27. Re1 Bg4 28. Rh1 Nf4 29. f3 Nd3 30. Re2 Bf5 31. Rh4 Ne5 32. Re1 Ng6 33. Rh1 Bd3 34. g3 f5 35. Kf2 h4 36. Bg5 hxg3+ 37. Kxg3 Rxh1 38. Rxh1 Re2 39. f4 Rxd2 40. Rh6 Bxc4 41. Rxg6 Rxd5 42. Rg8+ Kc7 43. Rg7+ Kc6 44. Bf6 Bxa6 45. Rxa7 Bb7 46. Kf2 Rd3 47. Ke2 Rh3 48. Ra1 b5 49. Rg1 Kd5 50. Kd2 Kc4 51. Rg7 Be4 52. Rd7 Rd3+ 53. Ke2 Rxc3 54. Rxd6 Rh3 55. Rd8 b4 56. Rc8 Rh2+ 57. Ke3 b3 58. Rb8 Bc2 59. Rd8 Bd3 60. Rb8 Re2+ 61. Kf3 Re4 62. Be5 Be2+ 63. Kf2 Bg4 64. Rb6 Bh5 65. Kg3 Be8 66. Kf3 Bb5 67. Bf6 Kb4 68. Rb8 c4 69. Rc8 Re6 0-1

[Event "Nakhchivan op"]
[Site "Nakhchivan"]
[Date "2022.05.12"]
[Round "7"]
[White "Haznedaroglu, Kivanc"]
[Black "Rasulov, Vugar Ural Oglu"]
[Result "0-1"]
[WhiteElo "2425"]
[BlackElo "2445"]
[PlyCount "74"]
[EventDate "2022.05.08"]
[EventType "swiss"]
[EventRounds "9"]
[EventCountry "AZE"]
[SourceTitle "EXT 2023"]
[Source "ChessBase"]
[SourceDate "2022.10.05"]
[SourceVersion "1"]
[SourceVersionDate "2022.10.05"]
[SourceQuality "1"]

1. e4 c5 2. b3 a6 3. Bb2 Nc6 4. f4 d5 5. exd5 Qxd5 6. Nc3 Qd8 7. Nf3 Nf6 8. g3 g6 9. Bg2 Bg7 10. 0-0 0-0 11. Na4 c4 12. Ne5 Nxe5 13. Bxe5 Bg4 14. Qe1 b5 15. Nc3 Rc8 16. bxc4 Rxc4 17. h3 Be6 18. a3 h5 19. Kh2 Qd7 20. Rf3 Bf5 21. Rc1 Rfc8 22. Re3 a5 23. Bxf6 Bxf6 24. Nd5 Rxc2 25. Rxe7 Bxe7 26. Nxe7+ Kh7 27. Nxc8 Rxd2 28. g4 Qd5 29. Qg3 Be4 30. Rg1 Bxg2 31. Rxg2 b4 32. Rxd2 Qxd2+ 33. Kg1 Qc1+ 34. Kf2 Qc2+ 35. Ke1 b3 36. gxh5 b2 37. hxg6+ Qxg6 0-1

[Event "Nakhchivan op"]
[Site "Nakhchivan"]
[Date "2022.05.09"]
[Round "3"]
[White "Haznedaroglu, Kivanc"]
[Black "Mohammadi, Melika"]
[Result "1-0"]
[WhiteElo "2425"]
[BlackElo "1885"]
[PlyCount "103"]
[EventDate "2022.05.08"]
[EventType "swiss"]
[EventRounds "9"]
[EventCountry "AZE"]
[SourceTitle "EXT 2023"]
[Source "ChessBase"]
[SourceDate "2022.10.05"]
[SourceVersion "1"]
[SourceVersionDate "2022.10.05"]
[SourceQuality "1"]

1. d4 d5 2. Nf3 Nf6 3. g3 e6 4. Bg2 Be7 5. 0-0 0-0 6. c4 dxc4 7. Ne5 Nc6 8. Nxc6 bxc6 9. Na3 Bxa3 10. bxa3 Ba6 11. Qd2 Rb8 12. Qa5 Rb6 13. Rd1 Nd7 14. e4 Bb5 15. Qc3 Rb8 16. Bf4 Nb6 17. h4 Qe7 18. Qa5 Rb7 19. Rab1 Na4 20. d5 e5 21. dxc6 Bxc6 22. Rxb7 Bxb7 23. Bxe5 Qc5 24. Qxa4 Qxe5 25. Qxc4 Qe7 26. Qa4 Qc5 27. Qb4 Qc6 28. Qe7 h6 29. Rd7 Qc1+ 30. Kh2 Qb2 31. Rxc7 Ba6 32. Rxa7 Bc4 33. Qc5 Qxa2 34. e5 Rd8 35. Ra8 Rxa8 36. Bxa8 Be6 37. Bc6 Bb3 38. Be4 g6 39. Kg2 h5 40. Bc6 Qe2 41. Qd4 Qc2 42. Bd5 Bxd5+ 43. Qxd5 Qa4 44. e6 fxe6 45. Qxe6+ Kg7 46. Qe7+ Kg8 47. Qf6 Qe4+ 48. Kh2 Kh7 49. Qf7+ Kh8 50. Qa7 Qe5 51. Qe3 Qa1 52. Qh6+ 1-0

[Event "Ankara TBMM Cup Gp1"]
[Site "Ankara"]
[Date "2022.03.17"]
[Round "2.1"]
[White "Haznedaroglu, Kivanc"]
[Black "Gokerkan, Cem Kaan"]
[Result "0-1"]
[WhiteElo "2425"]
[BlackElo "2445"]
[PlyCount "64"]
[EventDate "2022.03.17"]
[EventType "tourn"]
[EventRounds "5"]
[EventCountry "TUR"]
[EventCategory "7"]
[SourceTitle "CBM 207 Extra"]
[Source "ChessBase"]
[SourceDate "2022.05.31"]
[SourceVersion "1"]
[SourceVersionDate "2022.05.31"]
[SourceQuality "1"]

1. e4 c5 2. Nc3 d6 3. d4 cxd4 4. Qxd4 Nc6 5. Bb5 Bd7 6. Bxc6 Bxc6 7. b3 Nf6 8. Bb2 g6 9. 0-0-0 Bg7 10. f3 0-0 11. Qe3 Qc7 12. Nge2 b5 13. Kb1 b4 14. Nd5 Bxd5 15. exd5 Rfc8 16. c4 bxc3 17. Qxc3 Qb7 18. Qd3 a5 19. Nc3 Nd7 20. Na4 Nc5 21. Nxc5 Rxc5 22. Bxg7 Kxg7 23. Rhe1 a4 24. Re3 axb3 25. Qd4+ Kg8 26. Rxb3 Qa7 27. Rd2 Rac8 28. Qe3 Rc1+ 29. Kb2 Qc7 30. Qd3 Qc5 31. Re2 Rb1+ 32. Qxb1 Qd4+ 0-1

[Event "Novi Sad TS Mix 240th"]
[Site "Novi Sad"]
[Date "2022.02.15"]
[Round "2"]
[White "Uskov, Artem"]
[Black "Haznedaroglu, Kivanc"]
[Result "1-0"]
[WhiteElo "2128"]
[BlackElo "2442"]
[PlyCount "79"]
[EventDate "2022.02.15"]
[EventType "swiss"]
[EventRounds "9"]
[EventCountry "SRB"]
[SourceTitle "CBM 207 Extra"]
[Source "ChessBase"]
[SourceDate "2022.05.31"]
[SourceVersion "1"]
[SourceVersionDate "2022.05.31"]
[SourceQuality "1"]

1. e4 c5 2. Nf3 Nc6 3. d4 cxd4 4. Nxd4 Qb6 5. Nb3 Nf6 6. Nc3 e6 7. Bd3 Be7 8. Be3 Qc7 9. 0-0 a6 10. f4 d6 11. h3 0-0 12. Qf3 Nd7 13. Rad1 b5 14. Qf2 Bb7 15. a3 b4 16. Na4 bxa3 17. bxa3 Bf6 18. Nb6 Nxb6 19. Bxb6 Qe7 20. e5 dxe5 21. Bc5 Qc7 22. Bd6 Qc8 23. Bxf8 Qxf8 24. Nc5 Nd8 25. Nd7 Qe7 26. fxe5 Bh4 27. Qd4 Bg5 28. Qg4 Kh8 29. Kh1 Rc8 30. Nb6 Rc6 31. Nc4 Rc5 32. Rb1 g6 33. Nd6 f5 34. exf6 Qxd6 35. f7 Be7 36. Bxg6 Nxf7 37. Rxb7 Ne5 38. Qa4 Nxg6 39. Qe8+ Bf8 40. Rd7 1-0

[Event "Novi Sad TS Mix 237th"]
[Site "Novi Sad"]
[Date "2022.02.09"]
[Round "4"]
[White "Haznedaroglu, Kivanc"]
[Black "Subhayan, Kundu"]
[Result "1/2-1/2"]
[WhiteElo "2442"]
[BlackElo "2297"]
[PlyCount "167"]
[EventDate "2022.02.08"]
[EventType "swiss"]
[EventRounds "9"]
[EventCountry "SRB"]
[SourceTitle "CBM 207 Extra"]
[Source "ChessBase"]
[SourceDate "2022.05.31"]
[SourceVersion "1"]
[SourceVersionDate "2022.05.31"]
[SourceQuality "1"]

1. d4 f5 2. h3 d6 3. g4 fxg4 4. hxg4 Bxg4 5. Qd3 Nf6 6. Bg5 c6 7. Bxf6 gxf6 8. Rxh7 Rxh7 9. Qxh7 Qa5+ 10. Nc3 Qg5 11. Nh3 Qh6 12. Qxh6 Bxh6 13. e3 Nd7 14. Ng1 0-0-0 15. Bh3 Bxh3 16. Nxh3 e5 17. Ne2 Rh8 18. Nhg1 f5 19. dxe5 Nxe5 20. Rd1 d5 21. Kf1 Ng4 22. Rd4 Bg7 23. Rf4 Bh6 24. Ra4 Bg7 25. Nf3 Bxb2 26. Rxa7 Rh1+ 27. Kg2 Ra1 28. Ra8+ Kc7 29. Ned4 Rc1 30. Rf8 c5 31. Nxf5 Rxc2 32. Ne1 Rxf2+ 33. Kg3 Rf1 34. Rf7+ Kb8 35. Kxg4 Rxe1 36. Nd6 Rg1+ 37. Kh5 Rg7 38. Rf8+ Ka7 39. Rf5 Kb6 40. Rxd5 Kc6 41. e4 b5 42. Nf5 Rd7 43. Rxd7 Kxd7 44. Kg4 Ke6 45. Kf3 Ke5 46. Ke3 Bd4+ 47. Kd3 c4+ 48. Kc2 Bc5 49. Ng3 b4 50. Nf1 Kxe4 51. Nd2+ Kd5 52. Nf1 Bd4 53. Kd2 Ke4 54. Ng3+ Kf3 55. Nf5 Bc5 56. Ng7 Kg4 57. Kc2 Bd4 58. Ne6 Bb6 59. Ng7 Kg5 60. Ne8 Bc5 61. Nc7 Kf5 62. Nb5 Ke5 63. a3 b3+ 64. Kc3 Kd5 65. a4 Bb6 66. Kb4 Bc5+ 67. Kc3 Bb6 68. Kb4 b2 69. Ka3 Bd4 70. Ka2 c3 71. Kb1 Kc4 72. Na3+ Kb3 73. Nc2 Bb6 74. a5 Bxa5 75. Nd4+ Kc4 76. Nc2 Bb6 77. Ne1 Kb3 78. Nc2 Bf2 79. Ne3 Bg3 80. Nc2 Kc4 81. Ne3+ Kd3 82. Nc2 Kd2 83. Na3 Bf4 84. Nc4+ 1/2-1/2

[Event "Novi Sad TS Mix 237th"]
[Site "Novi Sad"]
[Date "2022.02.08"]
[Round "2"]
[White "Haznedaroglu, Kivanc"]
[Black "Ljepic, Andrej"]
[Result "1/2-1/2"]
[WhiteElo "2442"]
[BlackElo "2180"]
[PlyCount "79"]
[EventDate "2022.02.08"]
[EventType "swiss"]
[EventRounds "9"]
[EventCountry "SRB"]
[SourceTitle "CBM 207 Extra"]
[Source "ChessBase"]
[SourceDate "2022.05.31"]
[SourceVersion "1"]
[SourceVersionDate "2022.05.31"]
[SourceQuality "1"]

1. d4 Nf6 2. Nf3 e6 3. g3 b5 4. Qd3 a6 5. e4 Bb7 6. e5 Nd5 7. Bg2 d6 8. 0-0 Nd7 9. Bg5 Be7 10. Bxe7 Qxe7 11. Nbd2 dxe5 12. dxe5 0-0 13. c4 bxc4 14. Nxc4 a5 15. Rfd1 Rfd8 16. Rac1 h6 17. Nd4 N7b6 18. Qe2 Nxc4 19. Qxc4 Qb4 20. a3 Qxc4 21. Rxc4 Rab8 22. Rc2 Ba8 23. Rdd2 Rb6 24. Bxd5 Bxd5 25. Nc6 Re8 26. Nxa5 Ra8 27. Rc5 c6 28. Nc4 Rb3 29. Ne3 Rab8 30. Nxd5 cxd5 31. Rcc2 R8b7 32. Kf1 Kh7 33. Re2 Kg6 34. Kg2 Kf5 35. Rcd2 h5 36. h4 R7b6 37. Rc2 Rb7 38. Rcd2 R7b6 39. Rc2 Rb7 40. Rcd2 1/2-1/2

[Event "Novi Sad TS Mix 237th"]
[Site "Novi Sad"]
[Date "2022.02.08"]
[Round "1"]
[White "Sahithi Varshini, M."]
[Black "Haznedaroglu, Kivanc"]
[Result "0-1"]
[WhiteElo "2238"]
[BlackElo "2442"]
[PlyCount "66"]
[EventDate "2022.02.08"]
[EventType "swiss"]
[EventRounds "9"]
[EventCountry "SRB"]
[SourceTitle "CBM 207 Extra"]
[Source "ChessBase"]
[SourceDate "2022.05.31"]
[SourceVersion "1"]
[SourceVersionDate "2022.05.31"]
[SourceQuality "1"]

1. e4 c5 2. Nc3 Nc6 3. Bb5 Nd4 4. Nf3 e6 5. Nxd4 cxd4 6. Ne2 Qg5 7. a4 Qxg2 8. Ng3 Qh3 9. c3 dxc3 10. dxc3 Qh4 11. a5 a6 12. Be2 d6 13. Qb3 Qd8 14. Be3 Nf6 15. Bb6 Qe7 16. e5 dxe5 17. Bf3 Nd5 18. Rd1 f6 19. Nf5 Qf7 20. Rg1 g6 21. c4 e4 22. cxd5 exf5 23. Be2 Bd6 24. h4 0-0 25. Bc4 f4 26. h5 g5 27. Bc5 Qc7 28. Bb6 Qe7 29. h6 Bf5 30. Bc5 Rf7 31. Bd4 Rc8 32. Bb6 Qf8 33. Rh1 Re7 0-1

[Event "TUR-ch"]
[Site "Antalya"]
[Date "2021.12.18"]
[Round "9"]
[White "Haznedaroglu, Kivanc"]
[Black "Atalik, Ekaterina"]
[Result "0-1"]
[WhiteElo "2445"]
[BlackElo "2420"]
[PlyCount "108"]
[EventDate "2021.12.10"]
[EventType "tourn"]
[EventRounds "9"]
[EventCountry "TUR"]
[SourceTitle "CBM 205 Extra"]
[Source "ChessBase"]
[SourceDate "2022.01.31"]
[SourceVersion "1"]
[SourceVersionDate "2022.01.31"]
[SourceQuality "1"]

1. d4 d5 2. c4 c6 3. Nf3 e6 4. g3 dxc4 5. a4 c5 6. Nc3 Nf6 7. Bg5 cxd4 8. Qxd4 Qxd4 9. Nxd4 a6 10. e4 Bb4 11. f3 Bd7 12. Bxc4 Nc6 13. Nc2 Bxc3+ 14. bxc3 Rc8 15. Be2 Ne5 16. Kd2 0-0 17. Nd4 Rfd8 18. Kc2 h6 19. Bc1 Nc4 20. a5 e5 21. Nb3 Bb5 22. Rd1 Rxd1 23. Bxd1 g5 24. Be2 Nd6 25. Bd1 g4 26. Ba3 Nc4 27. Be7 Ne3+ 28. Kb2 gxf3 29. Bxf3 Nfg4 30. Bxg4 Nxg4 31. h3 Nf2 32. Nd2 Rc7 33. Bb4 Rd7 34. c4 Bc6 35. Bc3 Nxh3 36. Rh1 Nf2 37. Rxh6 Nd1+ 38. Kb3 Rd3 39. Kc2 Rxc3+ 40. Kxd1 Rxg3 41. Ke2 Ra3 42. Nb1 Rxa5 43. Nc3 Kg7 44. Rd6 Rc5 45. Kd3 b5 46. cxb5 axb5 47. Ne2 b4 48. Ke3 b3 49. Rd3 Ba4 50. Rd1 Bb5 51. Rg1+ Kf8 52. Nc1 Rc3+ 53. Kd2 Rc2+ 54. Kd1 Ba4 0-1

[Event "TUR-ch"]
[Site "Antalya"]
[Date "2021.12.12"]
[Round "3"]
[White "Yurtseven, Melih"]
[Black "Haznedaroglu, Kivanc"]
[Result "1/2-1/2"]
[WhiteElo "2400"]
[BlackElo "2466"]
[PlyCount "178"]
[EventDate "2021.12.10"]
[EventType "tourn"]
[EventRounds "9"]
[EventCountry "TUR"]
[SourceTitle "CBM 205 Extra"]
[Source "ChessBase"]
[SourceDate "2022.01.31"]
[SourceVersion "1"]
[SourceVersionDate "2022.01.31"]
[SourceQuality "1"]

1. d4 Nf6 2. Nf3 g6 3. Nc3 c5 4. d5 d6 5. e4 a6 6. a4 Bg7 7. Be2 0-0 8. 0-0 Nbd7 9. Re1 Rb8 10. Bf1 Ne8 11. Bf4 Nc7 12. e5 dxe5 13. Nxe5 Nxe5 14. Bxe5 Bxe5 15. Rxe5 b5 16. Re2 Bg4 17. f3 Bf5 18. axb5 axb5 19. g4 Bc8 20. Rd2 Qd6 21. Ne4 Qe5 22. Qe1 c4 23. Qg3 Qxg3+ 24. hxg3 Rd8 25. d6 exd6 26. Nxd6 Bb7 27. Kf2 Bc6 28. g5 Ne6 29. f4 Nc5 30. Ke3 Na4 31. c3 Rd7 32. Bh3 Re7+ 33. Kf2 Nc5 34. Kg1 Nb3 35. Rad1 Nxd2 36. Rxd2 Rd8 37. Kf2 Kf8 38. Nxc4 Rxd2+ 39. Nxd2 Ra7 40. Ke3 Ke7 41. Bf1 Kd6 42. Bd3 Ra2 43. b4 Ra1 44. Bf1 Re1+ 45. Kd4 Rd1 46. Ke3 Ke7 47. Be2 Re1 48. Nb3 Bd5 49. Na5 Bc4 50. Nxc4 bxc4 51. Kd2 Rg1 52. Bxc4 Rxg3 53. Bd5 f6 54. gxf6+ Kxf6 55. b5 Ke7 56. b6 Kd6 57. b7 Kc7 58. c4 Rb3 59. Ke2 h5 60. Kf2 h4 61. Kg2 Rg3+ 62. Kf2 Rg4 63. Kf3 Rg1 64. Kf2 Rg3 65. Bf3 Kb8 66. Be4 g5 67. fxg5 Rxg5 68. Bg2 Kc7 69. Kf1 Rg3 70. Kf2 Rc3 71. Bd5 Rc2+ 72. Kg1 Rb2 73. Bg2 Kd6 74. Kh2 Rb3 75. Bh1 Kc5 76. Bd5 Kd4 77. Kg2 Ke5 78. Kh2 h3 79. Bh1 Kf4 80. c5 Kg4 81. c6 Rb2+ 82. Kg1 h2+ 83. Kf1 Rb1+ 84. Kg2 Rb2+ 85. Kf1 Rb1+ 86. Kf2 Rxh1 87. b8Q Rf1+ 88. Kxf1 h1Q+ 89. Ke2 Qxc6 1/2-1/2